<?xml version="1.0" encoding="UTF-8"?>
<record
    xmlns:xsi="http://www.w3.org/2001/XMLSchema-instance"
    xsi:schemaLocation="http://www.loc.gov/MARC21/slim http://www.loc.gov/standards/marcxml/schema/MARC21slim.xsd"
    xmlns="http://www.loc.gov/MARC21/slim">

  <leader>00971nam a2200241 a 4500</leader>
  <controlfield tag="001">39375</controlfield>
  <controlfield tag="003">BD-RjUL</controlfield>
  <controlfield tag="005">20231219122554.0</controlfield>
  <controlfield tag="008">160410s2011    bg ||||| |||| 00| 0 ben d</controlfield>
  <datafield tag="020" ind1=" " ind2=" ">
    <subfield code="a">9788129511539</subfield>
    <subfield code="c">: TK.125.00</subfield>
  </datafield>
  <datafield tag="035" ind1=" " ind2=" ">
    <subfield code="a">(BD-RjUL) 39488</subfield>
  </datafield>
  <datafield tag="040" ind1=" " ind2=" ">
    <subfield code="a">BD-RjUL</subfield>
    <subfield code="b">ben</subfield>
    <subfield code="c">BD-RjUL</subfield>
  </datafield>
  <datafield tag="041" ind1=" " ind2=" ">
    <subfield code="a">ben</subfield>
  </datafield>
  <datafield tag="082" ind1=" " ind2=" ">
    <subfield code="2">23</subfield>
    <subfield code="b">BIN 2011</subfield>
    <subfield code="a">891.44109</subfield>
  </datafield>
  <datafield tag="100" ind1=" " ind2=" ">
    <subfield code="a">&#x9AC;&#x9BF;&#x9B6;&#x9CD;&#x9AC;&#x9BE;&#x9B8;, &#x9B8;&#x9C1;&#x996;&#x9C7;&#x9A8;  </subfield>
    <subfield code="9">120504</subfield>
  </datafield>
  <datafield tag="245" ind1="1" ind2="0">
    <subfield code="a">&#x9A8;&#x9A8;&#x9CD;&#x9A6;&#x9A8;&#x9A4;&#x9A4;&#x9CD;&#x9A4;&#x9CD;&#x9AC;&#x9C7; &#x9AA;&#x9CD;&#x9B0;&#x9BE;&#x99A;&#x9CD;&#x9AF; / </subfield>
    <subfield code="c">&#x9B8;&#x9C1;&#x996;&#x9C7;&#x9A8; &#x9AC;&#x9BF;&#x9B6;&#x9CD;&#x9AC;&#x9BE;&#x9B8; </subfield>
  </datafield>
  <datafield tag="260" ind1=" " ind2=" ">
    <subfield code="a">&#x995;&#x9B2;&#x995;&#x9BE;&#x9A4;&#x9BE; : </subfield>
    <subfield code="b">&#x9A6;&#x9C7;'&#x99C; &#x9AA;&#x9BE;&#x9AC;&#x9B2;&#x9BF;&#x9B6;&#x9BF;&#x982;, </subfield>
    <subfield code="c">&#x9E8;&#x9E6;&#x9E7;&#x9E7;</subfield>
  </datafield>
  <datafield tag="300" ind1=" " ind2=" ">
    <subfield code="a">&#x9E7;&#x9EF;&#x9E7; &#x9AA;&#x9C3;. ;  </subfield>
    <subfield code="c">&#x9E8;&#x9E8; &#x9B8;&#x9C7;&#x9AE;&#x9BF;.</subfield>
  </datafield>
  <datafield tag="504" ind1=" " ind2=" ">
    <subfield code="a">&#x9B8;&#x9B9;&#x9BE;&#x9AF;&#x9BC;&#x995; &#x997;&#x9CD;&#x9B0;&#x9A8;&#x9CD;&#x9A5;&#x9A8;&#x9BF;&#x9B0;&#x9CD;&#x9A6;&#x9C7;&#x9B6; &#x9B8;&#x982;&#x9AF;&#x9C1;&#x995;&#x9CD;&#x9A4;</subfield>
  </datafield>
  <datafield tag="650" ind1=" " ind2=" ">
    <subfield code="a">&#x9AC;&#x9BE;&#x982;&#x9B2;&#x9BE; &#x995;&#x9AC;&#x9BF;&#x9A4;&#x9BE; </subfield>
    <subfield code="x">&#x987;&#x9A4;&#x9BF;&#x9B9;&#x9BE;&#x9B8; &#x993; &#x9B8;&#x9AE;&#x9BE;&#x9B2;&#x9CB;&#x99A;&#x9A8;&#x9BE;</subfield>
    <subfield code="9">123195</subfield>
  </datafield>
  <datafield tag="650" ind1=" " ind2=" ">
    <subfield code="a">Bengali Poetry</subfield>
    <subfield code="x">History and Criticism</subfield>
    <subfield code="9">123196</subfield>
  </datafield>
  <datafield tag="942" ind1=" " ind2=" ">
    <subfield code="2">ddc</subfield>
    <subfield code="c">BK</subfield>
  </datafield>
  <datafield tag="999" ind1=" " ind2=" ">
    <subfield code="c">39375</subfield>
    <subfield code="d">39375</subfield>
  </datafield>
  <datafield tag="952" ind1=" " ind2=" ">
    <subfield code="0">0</subfield>
    <subfield code="1">0</subfield>
    <subfield code="2">ddc</subfield>
    <subfield code="4">0</subfield>
    <subfield code="7">1</subfield>
    <subfield code="8">NFIC</subfield>
    <subfield code="a">RUCL</subfield>
    <subfield code="b">RUCL</subfield>
    <subfield code="c">Reading</subfield>
    <subfield code="d">2015-07-05</subfield>
    <subfield code="e">Batighor, Chitagang</subfield>
    <subfield code="g">295.00</subfield>
    <subfield code="l">0</subfield>
    <subfield code="o">B 891.44109 BIN 2011</subfield>
    <subfield code="r">2016-04-12 00:00:00</subfield>
    <subfield code="t">C-1</subfield>
    <subfield code="w">2021-12-09</subfield>
    <subfield code="y">BK</subfield>
  </datafield>
  <datafield tag="952" ind1=" " ind2=" ">
    <subfield code="0">0</subfield>
    <subfield code="1">0</subfield>
    <subfield code="2">ddc</subfield>
    <subfield code="4">0</subfield>
    <subfield code="7">0</subfield>
    <subfield code="8">NFIC</subfield>
    <subfield code="a">RUCL</subfield>
    <subfield code="b">RUCL</subfield>
    <subfield code="c">Stack</subfield>
    <subfield code="d">2015-07-05</subfield>
    <subfield code="e">Batighor, Chitagang</subfield>
    <subfield code="g">295.00</subfield>
    <subfield code="l">17</subfield>
    <subfield code="m">1</subfield>
    <subfield code="o">B 891.44109 BIN 2011</subfield>
    <subfield code="r">2026-01-29 00:00:00</subfield>
    <subfield code="s">2025-12-18</subfield>
    <subfield code="t">C-2</subfield>
    <subfield code="w">2021-12-09</subfield>
    <subfield code="y">BK</subfield>
  </datafield>
  <datafield tag="952" ind1=" " ind2=" ">
    <subfield code="0">0</subfield>
    <subfield code="1">0</subfield>
    <subfield code="2">ddc</subfield>
    <subfield code="4">0</subfield>
    <subfield code="7">0</subfield>
    <subfield code="8">NFIC</subfield>
    <subfield code="a">RUCL</subfield>
    <subfield code="b">RUCL</subfield>
    <subfield code="c">Stack</subfield>
    <subfield code="d">2015-07-05</subfield>
    <subfield code="e">Batighor, Chitagang</subfield>
    <subfield code="g">295.00</subfield>
    <subfield code="l">13</subfield>
    <subfield code="m">4</subfield>
    <subfield code="o">B 891.44109 BIN 2011</subfield>
    <subfield code="r">2025-10-29 00:00:00</subfield>
    <subfield code="s">2025-10-14</subfield>
    <subfield code="t">C-3</subfield>
    <subfield code="w">2021-12-09</subfield>
    <subfield code="y">BK</subfield>
  </datafield>
  <datafield tag="952" ind1=" " ind2=" ">
    <subfield code="0">0</subfield>
    <subfield code="1">0</subfield>
    <subfield code="2">ddc</subfield>
    <subfield code="4">0</subfield>
    <subfield code="7">0</subfield>
    <subfield code="8">NFIC</subfield>
    <subfield code="a">RUCL</subfield>
    <subfield code="b">RUCL</subfield>
    <subfield code="c">GEN</subfield>
    <subfield code="d">2023-12-10</subfield>
    <subfield code="e">Dhaka: Omni Concept</subfield>
    <subfield code="g">236.00</subfield>
    <subfield code="l">2</subfield>
    <subfield code="o">B 891.44109 BIN 2011 </subfield>
    <subfield code="r">2026-01-21 00:00:00</subfield>
    <subfield code="s">2026-01-06</subfield>
    <subfield code="t">C-4</subfield>
    <subfield code="w">2023-12-19</subfield>
    <subfield code="y">BK</subfield>
  </datafield>
  <datafield tag="952" ind1=" " ind2=" ">
    <subfield code="0">0</subfield>
    <subfield code="1">0</subfield>
    <subfield code="2">ddc</subfield>
    <subfield code="4">0</subfield>
    <subfield code="7">0</subfield>
    <subfield code="8">NFIC</subfield>
    <subfield code="a">RUCL</subfield>
    <subfield code="b">RUCL</subfield>
    <subfield code="c">GEN</subfield>
    <subfield code="d">2023-12-10</subfield>
    <subfield code="e">Dhaka: Omni Concept</subfield>
    <subfield code="g">236.00</subfield>
    <subfield code="l">0</subfield>
    <subfield code="o">B 891.44109 BIN 2011 </subfield>
    <subfield code="r">2023-12-19 00:00:00</subfield>
    <subfield code="t">C-5</subfield>
    <subfield code="w">2023-12-19</subfield>
    <subfield code="y">BK</subfield>
  </datafield>
  <datafield tag="952" ind1=" " ind2=" ">
    <subfield code="0">0</subfield>
    <subfield code="1">0</subfield>
    <subfield code="2">ddc</subfield>
    <subfield code="4">0</subfield>
    <subfield code="7">0</subfield>
    <subfield code="8">NFIC</subfield>
    <subfield code="a">RUCL</subfield>
    <subfield code="b">RUCL</subfield>
    <subfield code="c">GEN</subfield>
    <subfield code="d">2023-12-10</subfield>
    <subfield code="e">Dhaka: Omni Concept</subfield>
    <subfield code="g">236.00</subfield>
    <subfield code="l">0</subfield>
    <subfield code="o">B 891.44109 BIN 2011 </subfield>
    <subfield code="r">2023-12-19 00:00:00</subfield>
    <subfield code="t">C-6</subfield>
    <subfield code="w">2023-12-19</subfield>
    <subfield code="y">BK</subfield>
  </datafield>
  <datafield tag="952" ind1=" " ind2=" ">
    <subfield code="0">0</subfield>
    <subfield code="1">0</subfield>
    <subfield code="2">ddc</subfield>
    <subfield code="4">0</subfield>
    <subfield code="7">0</subfield>
    <subfield code="8">NFIC</subfield>
    <subfield code="a">RUCL</subfield>
    <subfield code="b">RUCL</subfield>
    <subfield code="c">GEN</subfield>
    <subfield code="d">2023-12-10</subfield>
    <subfield code="e">Dhaka: Omni Concept</subfield>
    <subfield code="g">236.00</subfield>
    <subfield code="l">0</subfield>
    <subfield code="o">B 891.44109 BIN 2011 </subfield>
    <subfield code="r">2023-12-21 00:00:00</subfield>
    <subfield code="t">C-7</subfield>
    <subfield code="w">2023-12-21</subfield>
    <subfield code="y">BK</subfield>
  </datafield>
</record>
